000 00383nam a22001817a 4500
001 sjds
003 sjds
005 20240527103246.0
008 240527b |||||||| |||| 00| 0 spa d
020 _a9789689291046
040 _csjds
245 _aPeter Pan
260 _bAsturias?
300 _a1 vol.
440 _aCuentos maravillosos
700 _aBarrie, J. M.
942 _cBK
999 _c29818
_d29816